[Event "It (open) \"]
[Site "masterchessopen.com Cologne (Germany)"]
[Round "7"]
[White "Vitolins Alvis (LAT)"]
[Black "Aseev Konstantin N (RUS)"]
[Result "0-1"]
[WhiteElo "2435"]
[BlackElo "2525"]

1.e4 c5 2.Nf3 d6 3.d4 cxd4 4.Nxd4 Nf6 5.Nc3 Nc6 6.Bg5 e6 7.Qd2 Be7 8.O-O-O O-O
9.Nb3 a6 10.Bxf6 gxf6 11.f4 Kh8 12.f5 b5 13.Ne2 Re8 14.Nbd4 Nxd4 15.Nxd4 Bd7
16.g3 Rc8 17.Bh3 Bf8 18.Bg4 Rc4 19.Be2 Ra4 20.fxe6 fxe6 21.Kb1 e5 22.Nf5 Be6
23.c4 bxc4 24.Nxd6 Bxd6 25.Qxd6 Qa8 26.Bh5 Qxe4+ 27.Kc1 c3 28.Bxe8 cxb2+ {#R}
0-1

[Event "Ch Finland (team)"]
[Site "masterchessopen.com Finland"]
[Round "0"]
[White "Pakkanen Jukka (FIN)"]
[Black "Ojanen Kaarle S (FIN)"]
[Result "1-0"]
[WhiteElo "2315"]
[BlackElo "2335"]

1.e4 c5 2.Nf3 Nc6 3.d4 cxd4 4.Nxd4 Nf6 5.Nc3 d6 6.Bg5 e6 7.Qd2 Be7 8.O-O-O O-O
9.f3 a6 10.Nb3 b5 11.Bxf6 gxf6 12.Bd3 Kh8 13.Kb1 Bd7 14.f4 b4 15.Ne2 Qb6 16.g4
a5 17.Nbc1 a4 18.b3 Ra5 19.h4 Rfa8 20.g5 Na7 21.Rdg1 Nb5 22.Bxb5 Rxb5 23.gxf6
Bxf6 24.e5 Rd5 25.Nd3 Bg7 26.Rxg7 Kxg7 27.Rg1+ Kf8 28.f5 dxe5 29.f6 Bb5
30.Rg8+ Kxg8 31.Qh6 {#r} 1-0

[Event "It (open)"]
[Site "masterchessopen.com Gausdal (Norway)"]
[Round "0"]
[White "Stefansson Hannes (ISL)"]
[Black "Ilinsky Vladimir (KGZ)"]
[Result "0-1"]
[WhiteElo "2470"]
[BlackElo "2291"]

1.e4 c5 2.Nf3 Nc6 3.d4 cxd4 4.Nxd4 Nf6 5.Nc3 d6 6.Bg5 e6 7.Qd2 h6 8.Bxf6 gxf6
9.O-O-O a6 10.f4 h5 11.Kb1 Bd7 12.Be2 Qc7 13.Qe3 O-O-O 14.Nxc6 Bxc6 15.Qh3 Kb8
16.f5 d5 17.fxe6 fxe6 18.exd5 exd5 19.Bf3 d4 20.Ne2 Bc5 21.Bxc6 Qxc6 22.Nf4
Rc8 23.Nxh5 Bd6 24.Qf5 Rxh5 25.Qxh5 Qxc2+ 26.Ka1 Be5 27.Qf3 d3 28.Rb1 Rc4
29.Qd1 Rb4 30.Qc1 a5 31.Re1 Bd4 32.a3 Qb3 {#R} 0-1

[Event "Ch World (juniors) (under 20)"]
[Site "masterchessopen.com Mamaia (Romania)"]
[Round "0"]
[White "Atkinson Paul (WLS)"]
[Black "Sherzer Alex (USA)"]
[Result "0-1"]
[WhiteElo "2189"]
[BlackElo "2460"]

1.e4 c5 2.Nf3 Nc6 3.d4 cxd4 4.Nxd4 Nf6 5.Nc3 d6 6.Bg5 e6 7.Qd2 Be7 8.O-O-O O-O
9.Nb3 Qb6 10.f3 Rd8 11.Kb1 Qc7 12.Be3 a6 13.Qf2 Nd7 14.h4 b5 15.g4 Nce5 16.g5
Rb8 17.Bd3 b4 18.Ne2 a5 19.Ba7 Ra8 20.Bd4 a4 21.Nbc1 Ba6 22.h5 Rdc8 23.Ng3 b3
24.axb3 Nxd3 25.Nxd3 axb3 26.cxb3 Qa5 27.Bc3 Rxc3 {#R} 0-1

[Event "Ch World (team) (under 26)"]
[Site "masterchessopen.com Maringa (Brazil)"]
[Round "3"]
[White "Sanchez Almeyra Jorge (ARG)"]
[Black "Hernandez Gilberto (MEX)"]
[Result "0-1"]
[WhiteElo "2447"]
[BlackElo "2523"]

1.e4 c5 2.Nf3 Nc6 3.d4 cxd4 4.Nxd4 Nf6 5.Nc3 d6 6.Bg5 e6 7.Qd2 Be7 8.O-O-O O-O
9.Nb3 a6 10.f3 b5 11.h4 Bb7 12.g4 Ne5 13.Qf2 Rc8 14.Kb1 b4 15.Na4 Nxe4 16.fxe4
Bxe4 17.Bxe7 Qxe7 18.Bd3 Bxh1 19.Rxh1 Qb7 20.Rd1 Qc6 {#R} 0-1

[Event "It (open)"]
[Site "masterchessopen.com Massachusetts (USA)"]
[Round "6"]
[White "Gurevich Ilya (USA)"]
[Black "Rao Vivek (USA)"]
[Result "1-0"]
[WhiteElo "2495"]
[BlackElo "2435"]

1.e4 c5 2.Nf3 d6 3.d4 Nf6 4.Nc3 cxd4 5.Nxd4 Nc6 6.Bg5 e6 7.Qd2 Be7 8.O-O-O O-O
9.Nb3 a6 10.Bxf6 gxf6 11.Qh6 Kh8 12.Qh5 Qe8 13.f4 Rg8 14.Kb1 b5 15.Bd3 Rg7
16.Rhg1 Bd7 17.g4 Rc8 18.h4 Nb4 19.Be2 Qd8 20.g5 Qb6 21.a3 Nc6 22.Rgf1 fxg5
23.hxg5 Rf8 24.e5 Qc7 25.Ne4 dxe5 26.Nf6 Bxf6 27.gxf6 Rg6 28.Rh1 h6 29.Qxh6+
{#r} 1-0

[Event "It \"]
[Site "masterchessopen.com Philadelphia (USA)"]
[Round "0"]
[White "Garcia Gildardo (COL)"]
[Black "Wolff Patrick G (USA)"]
[Result "0-1"]
[WhiteElo "2470"]
[BlackElo "2545"]

1.e4 c5 2.Nf3 Nc6 3.d4 cxd4 4.Nxd4 Nf6 5.Nc3 d6 6.Bg5 e6 7.Qd2 Be7 8.O-O-O O-O
9.Nb3 Qb6 10.h4 Rd8 11.h5 h6 12.Be3 Qc7 13.f4 a6 14.Be2 b5 15.Bf3 d5 16.e5 Nd7
17.Qf2 Rb8 18.Kb1 Nb6 19.Ne2 Nc4 20.Ned4 a5 21.Nxc6 Qxc6 22.Nd4 Qc7 23.g4 a4
24.Bc1 b4 25.Rhe1 Na3+ 26.bxa3 bxa3+ 27.Nb3 axb3 28.cxb3 Ba6 29.Qc2 Qb6 30.g5
Rdc8 31.Qg2 Rc3 {#R} 0-1

[Event "Cup Bashkiria (corr.)"]
[Site "masterchessopen.com Russia"]
[Round "0"]
[White "Svistunov Konstantin (RUS)"]
[Black "Sanakoev Grigory (RUS)"]
[Result "0-1"]
[WhiteElo "2240"]
[BlackElo "2232"]

1.e4 c5 2.Nf3 Nc6 3.d4 cxd4 4.Nxd4 Nf6 5.Nc3 d6 6.Bg5 e6 7.Qd2 Be7 8.O-O-O O-O
9.Nb3 d5 10.Bxf6 Bxf6 11.exd5 Bxc3 12.Qxc3 exd5 13.g3 Bg4 14.f3 Be6 15.Bg2 Rc8
16.Rhe1 Qb6 17.Nd4 Nxd4 18.Qxd4 Rxc2+ 19.Kxc2 Bf5+ 20.Re4 Qc6+ 21.Kb1 dxe4
22.fxe4 Be6 23.Rd2 h6 24.Qxa7 Rc8 25.Qg1 Qa4 26.b3 Bxb3 27.axb3 Qxb3+ 28.Rb2
Qd3+ 29.Ka1 Rc3 30.Qb1 Qd4 {#R} 0-1

[Event "It (cat.10) \"]
[Site "masterchessopen.com Stary Smokovec (Slovakia)"]
[Round "8"]
[White "Jansa Vlastimil (CZE)"]
[Black "Popovic Petar (SRB)"]
[Result "1-0"]
[WhiteElo "2495"]
[BlackElo "2485"]

1.e4 c5 2.Nf3 d6 3.d4 cxd4 4.Nxd4 Nf6 5.Nc3 Nc6 6.Bg5 e6 7.Qd2 Be7 8.O-O-O O-O
9.Nb3 Qb6 10.f3 Rd8 11.Be3 Qc7 12.Qf2 Nd7 13.Nb5 Qb8 14.h4 a6 15.N5d4 Qc7
16.g4 Nxd4 17.Nxd4 Ne5 18.Bg5 b5 19.Bxe7 Qxe7 20.f4 Qd7 21.fxe5 dxe5 22.Bxb5
{#r} 1-0

[Event "It (open)"]
[Site "masterchessopen.com Torcy (France)"]
[Round "0"]
[White "Gorka Christiane (GER)"]
[Black "Romieux Sebastien (FRA)"]
[Result "0-1"]
[WhiteElo "1990"]
[BlackElo "2268"]

1.e4 c5 2.Nf3 d6 3.d4 cxd4 4.Nxd4 Nf6 5.Nc3 Nc6 6.Bg5 e6 7.Qd2 Be7 8.O-O-O O-O
9.Nb3 d5 10.Bxf6 Bxf6 11.exd5 Bxc3 12.bxc3 exd5 13.Qxd5 Qf6 14.Bd3 Qxc3 15.Qf3
Qb4 16.Qe4 Qa3+ 17.Kb1 g6 18.Bc4 Bf5 19.Qh4 b5 20.Bd3 Bxd3 21.cxd3 Nb4 22.Rd2
Nxa2 23.Nd4 Nc3+ 24.Kc2 Rac8 25.Nf5 Qa2+ {#R} 0-1

[Event "Ch Bayern"]
[Site "masterchessopen.com Bayern (Germany)"]
[Round "6"]
[White "Loew Gerald (GER)"]
[Black "Meier Thomas (GER)"]
[Result "1-0"]
[WhiteElo "2266"]
[BlackElo "2224"]

1.e4 c5 2.Nf3 d6 3.d4 cxd4 4.Nxd4 Nf6 5.Nc3 Nc6 6.Bg5 e6 7.Qd2 Be7 8.O-O-O O-O
9.Nb3 a6 10.Bxf6 gxf6 11.h4 Kh8 12.g4 Rg8 13.g5 fxg5 14.hxg5 e5 15.f4 Rg7
16.Kb1 exf4 17.Qxf4 Ne5 18.Bh3 Bxg5 19.Qf2 Bxh3 20.Rxh3 Qd7 21.Rdh1 Ng4 22.Qe2
Bf6 23.Nd5 Re8 24.a3 Be5 25.Rh5 Re6 26.Qf3 Nf6 27.Rxe5 Rxe5 28.Nxf6 Qc8 29.Qf4
Reg5 30.Qxg5 {#r} 1-0

[Event "It (open)"]
[Site "masterchessopen.com Doha (Qatar)"]
[Round "7"]
[White "Tilak Sharad S (IND)"]
[Black "Mahmud Syarif (INA)"]
[Result "0-1"]
[WhiteElo "2300"]
[BlackElo "2315"]

1.e4 c5 2.Nf3 Nc6 3.d4 cxd4 4.Nxd4 Nf6 5.Nc3 d6 6.Bg5 e6 7.Qd2 h6 8.Bxf6 gxf6
9.O-O-O a6 10.f4 h5 11.Kb1 Bd7 12.f5 Qb6 13.fxe6 fxe6 14.Nxc6 Qxc6 15.Be2
O-O-O 16.Rhf1 Be7 17.Rf3 Kb8 18.Rd3 Qc5 19.Bf3 Rc8 20.Ne2 Bb5 21.Rc3 Qe5
22.Rxc8+ Rxc8 23.Nf4 Be8 24.g3 Rc7 25.h4 Ba4 26.Rc1 f5 27.exf5 Bf6 28.Nd3 Qxf5
29.Qe2 e5 30.Nb4 Rg7 31.Rf1 Bb5 32.Qd1 Bxf1 {#R} 0-1

[Event "Memorial J.Capablanca (b)"]
[Site "masterchessopen.com Habana (Cuba)"]
[Round "0"]
[White "Garcia Gildardo (COL)"]
[Black "Hernandez Gilberto (MEX)"]
[Result "1-0"]
[WhiteElo "2515"]
[BlackElo "2480"]

1.e4 c5 2.Nf3 Nc6 3.d4 cxd4 4.Nxd4 Nf6 5.Nc3 d6 6.Bg5 e6 7.Qd2 Be7 8.O-O-O O-O
9.Nb3 a6 10.f4 b5 11.Bxf6 gxf6 12.f5 Kh8 13.Ne2 Re8 14.fxe6 fxe6 15.Nf4 Bf8
16.Kb1 Qe7 17.Be2 Ne5 18.Nd4 Bd7 19.Nh5 Rec8 20.Rhf1 Bg7 21.Rf2 Be8 22.Nxg7
Kxg7 23.Rdf1 Bg6 24.Rxf6 Qxf6 25.Rxf6 Kxf6 26.Bg4 Nxg4 27.Qf4+ Kg7 28.Nxe6+
Kg8 29.Qxg4 Rc4 30.Ng5 Re8 31.b3 Rd4 32.h4 Kh8 33.h5 {#r} 1-0

[Event "Ch Yugoslavia"]
[Site "masterchessopen.com Kladovo (Yugoslavia)"]
[Round "3"]
[White "Ivanovic Bozidar (MNE)"]
[Black "Jovanovic Sasa T (SRB)"]
[Result "0-1"]
[WhiteElo "2418"]
[BlackElo "2276"]

1.e4 c5 2.Nf3 d6 3.d4 cxd4 4.Nxd4 Nf6 5.Nc3 Nc6 6.Bg5 e6 7.Qd2 Be7 8.O-O-O O-O
9.Nb3 d5 10.Bxf6 Bxf6 11.exd5 Bxc3 12.Qxc3 exd5 13.Bb5 Qg5+ 14.Kb1 d4 15.Qc5
Qxg2 16.Rhg1 Qxh2 17.Bxc6 bxc6 18.Nxd4 Qf4 19.Nxc6 Be6 20.Ne7+ Kh8 21.Qc3 f6
22.Rh1 Bf5 23.Rd5 Be4 24.Qd4 g5 25.Rh3 Rae8 26.Rd7 Bf5 27.Qxa7 Qe4 {#R} 0-1

[Event "Olympiad"]
[Site "masterchessopen.com Manila (Philippines)"]
[Round "6"]
[White "Mannion Stephen R (SCO)"]
[Black "Wang Zili (CHN)"]
[Result "1-0"]
[WhiteElo "2372"]
[BlackElo "2505"]

1.e4 c5 2.Nf3 d6 3.d4 cxd4 4.Nxd4 Nf6 5.Nc3 Nc6 6.Bg5 e6 7.Qd2 Be7 8.O-O-O O-O
9.Nb3 Qb6 10.f3 Rd8 11.h4 d5 12.exd5 Nxd5 13.Bxe7 Ndxe7 14.Qe1 Rxd1+ 15.Qxd1
e5 16.Bc4 Qe3+ 17.Qd2 Qxd2+ 18.Nxd2 Na5 19.Bd3 Be6 20.Nde4 Rd8 21.Rd1 Bc4
22.b4 Bxd3 23.bxa5 f5 24.Nf2 e4 25.fxe4 fxe4 26.Nfxe4 {#r} 1-0

[Event "It"]
[Site "masterchessopen.com Montevideo (Uruguay)"]
[Round "9"]
[White "Ribas Alejandro (URU)"]
[Black "Rivera Daniel (URU)"]
[Result "0-1"]
[WhiteElo "2180"]
[BlackElo "2331"]

1.e4 c5 2.Nf3 Nc6 3.d4 cxd4 4.Nxd4 Nf6 5.Nc3 d6 6.Bg5 e6 7.Qd2 Be7 8.O-O-O O-O
9.Nb3 a6 10.h4 b5 11.Bxf6 gxf6 12.f4 Kh8 13.g4 Rg8 14.g5 Bb7 15.Qe3 Qc7 16.Kb1
b4 17.Na4 Rab8 18.Nb6 Na7 19.Rh2 Nb5 20.gxf6 Bxf6 21.Nc4 Bxe4 22.Qxe4 d5
23.Qe2 dxc4 24.Qxc4 Rbd8 25.Rxd8 Rxd8 26.Qxb4 Rd1+ 27.Nc1 Be7 28.Qc4 Na3+ {#R}
0-1

[Event "It \"]
[Site "masterchessopen.com Philadelphia (USA)"]
[Round "0"]
[White "Cunningham Robin (USA)"]
[Black "Fishbein Alexander (USA)"]
[Result "1-0"]
[WhiteElo "2295"]
[BlackElo "2495"]

1.e4 c5 2.Nf3 Nc6 3.d4 cxd4 4.Nxd4 Nf6 5.Nc3 d6 6.Bg5 e6 7.Qd2 Be7 8.O-O-O O-O
9.Nb3 Qb6 10.f3 Rd8 11.Kb1 Qc7 12.h4 d5 13.Bxf6 dxe4 14.Nb5 Rxd2 15.Rxd2 Qb6
16.Bxe7 Nxe7 17.c4 Bd7 18.Rxd7 Nf5 19.fxe4 Ng3 20.c5 Qc6 21.Rd6 Qxe4+ 22.Bd3
Qxg2 23.Rd1 Ne4 24.Bf1 Nd2+ 25.R6xd2 Qe4+ 26.Bd3 Qxh4 27.Nd6 {#r} 1-0

[Event "Ch Portugal"]
[Site "masterchessopen.com Portugal"]
[Round "0"]
[White "Damaso Rui (POR)"]
[Black "Morais Vitor (POR)"]
[Result "1-0"]
[WhiteElo "2450"]
[BlackElo "1989"]

1.e4 c5 2.Nf3 d6 3.d4 cxd4 4.Nxd4 Nf6 5.Nc3 Nc6 6.Bg5 e6 7.Qd2 Be7 8.O-O-O Qc7
9.Ndb5 Qb6 10.Nxd6+ Kf8 11.f4 h6 12.Bh4 Ng4 13.Bxe7+ Kxe7 14.Nf5+ Kf8 15.h3
exf5 16.hxg4 fxe4 17.f5 e3 18.Qd6+ Kg8 19.Nd5 Qa5 20.Bc4 e2 21.Rd2 Kh7 22.Nf6+
gxf6 23.Rxh6+ Kxh6 24.Qxf6+ Kh7 25.Qxf7+ Kh6 26.Qg6# 1-0

[Event "Tournament"]
[Site "masterchessopen.com Provence (France)"]
[Round "9"]
[White "Soalleiro Jean"]
[Black "Cortes Antoine (FRA)"]
[Result "1-0"]
[WhiteElo "1890"]
[BlackElo "2149"]

1.e4 c5 2.Nf3 d6 3.d4 cxd4 4.Nxd4 Nf6 5.Nc3 Nc6 6.Bg5 e6 7.Qd2 Be7 8.O-O-O O-O
9.Kb1 a6 10.f4 Bd7 11.g4 b5 12.Bxf6 Bxf6 13.Nce2 Rc8 14.g5 Be7 15.Bh3 a5
16.Nxb5 Nb4 17.Nbc3 a4 18.a3 Na6 19.Rhg1 Qb6 20.Qd4 Nc5 21.Rd2 Rb8 22.Nd1 Rfe8
23.f5 e5 24.Qe3 Bc6 25.Rg4 Nb3 26.cxb3 Qxe3 27.Nxe3 Rxb3 28.Nc3 Reb8 29.Ka2
Bd8 30.Nc4 Bc7 31.Rg3 d5 32.exd5 e4 33.dxc6 Bxg3 {#r} 1-0

[Event "Memorial A.Alekhine (a)"]
[Site "masterchessopen.com Smolensk (Russia)"]
[Round "0"]
[White "Yagupov Igor (RUS)"]
[Black "Zakharov Alexander (RUS)"]
[Result "1-0"]
[WhiteElo "2400"]
[BlackElo "2365"]

1.e4 c5 2.Nf3 Nc6 3.d4 cxd4 4.Nxd4 Nf6 5.Nc3 d6 6.Bg5 e6 7.Qd2 Be7 8.O-O-O O-O
9.Nb3 a6 10.Bxf6 gxf6 11.Qh6 Kh8 12.Qh5 Bd7 13.f4 Be8 14.Kb1 Rg8 15.g4 b5
16.Bd3 Nb4 17.Be2 Qc7 18.h4 Nxc2 19.Rc1 b4 20.Nd1 Na3+ 21.bxa3 Qb7 22.Bd3 a5
23.a4 f5 24.gxf5 Rg3 25.Nb2 Rxd3 26.Nxd3 Qxe4 27.Qd1 Bxa4 28.fxe6 Bb5 29.Rh3
a4 30.Na1 b3 31.axb3 Bf6 32.exf7 Qg2 {#r} 1-0

[Event "It (open)"]
[Site "masterchessopen.com Wuerzburg (Germany)"]
[Round "6"]
[White "Mazi Leon (SLO)"]
[Black "Aseev Konstantin N (RUS)"]
[Result "1-0"]
[WhiteElo "2352"]
[BlackElo "2560"]

1.e4 c5 2.Nf3 d6 3.d4 cxd4 4.Nxd4 Nf6 5.Nc3 Nc6 6.Bg5 e6 7.Qd2 Be7 8.O-O-O O-O
9.f3 a6 10.h4 Bd7 11.Nxc6 Bxc6 12.Ne2 Rc8 13.Nd4 Bd7 14.g4 Qc7 15.Kb1 Rfd8
16.Bd3 Be8 17.h5 Kh8 18.Be3 d5 19.e5 Qxe5 20.g5 Nd7 21.Bxh7 Kxh7 22.Bf4 Bxg5
23.Bxg5 Qd6 24.Bxd8 Rxd8 25.Rhg1 Qf8 26.Rg5 Qe7 27.Rdg1 g6 28.hxg6+ fxg6
29.Qe1 Qf6 30.Nxe6 Rc8 31.f4 {#r} 1-0

[Event "Ch World (juniors) (under 18) (g)"]
[Site "masterchessopen.com Bratislava (Slovakia)"]
[Round "11"]
[White "Roschina Tatiana (RUS)"]
[Black "Esirkepova Altyn (KAZ)"]
[Result "1-0"]
[WhiteElo "2262"]
[BlackElo "2174"]

1.e4 c5 2.Nf3 Nc6 3.d4 cxd4 4.Nxd4 Nf6 5.Nc3 d6 6.Bg5 e6 7.Qd2 h6 8.Bxf6 gxf6
9.O-O-O a6 10.f4 Bd7 11.Be2 h5 12.Rhf1 Qc7 13.Nb3 O-O-O 14.Qe3 Kb8 15.Kb1 Rc8
16.Rf3 Na5 17.Rh3 b5 18.Nxa5 Qxa5 19.a3 Rc6 20.Na2 d5 21.Rxh5 Rxh5 22.Bxh5 Qc7
23.Qd2 Bd6 24.exd5 exd5 25.Nc3 Be6 26.Nxd5 Bxd5 27.Qxd5 Bxf4 28.Bf3 {#r} 1-0

[Event "It (open)"]
[Site "masterchessopen.com Gausdal (Norway)"]
[Round "0"]
[White "Fossan Erik (NOR)"]
[Black "Reeh Oliver (GER)"]
[Result "1-0"]
[WhiteElo "2367"]
[BlackElo "2453"]

1.e4 c5 2.Nf3 d6 3.d4 cxd4 4.Nxd4 Nf6 5.Nc3 Nc6 6.Bg5 e6 7.Qd2 Be7 8.O-O-O O-O
9.Nb3 Qb6 10.f3 Rd8 11.Kb1 a6 12.Be3 Qc7 13.Qf2 Nd7 14.h4 b5 15.g4 Nce5 16.g5
b4 17.Ne2 Bb7 18.Bc1 Nc5 19.Nxc5 dxc5 20.Rxd8+ Rxd8 21.h5 c4 22.g6 hxg6
23.hxg6 Nxg6 24.Nf4 Nxf4 25.Qh2 f6 26.Bh3 Bd6 27.Bg4 Kf7 28.Qh7 Bf8 29.Bxf4
Qxf4 30.Qg8+ {#r} 1-0

[Event "Oberliga Baden 1992/93"]
[Site "masterchessopen.com Germany"]
[Round "0"]
[White "Melcher Wolfgang (GER)"]
[Black "Oberst Thomas (GER)"]
[Result "1-0"]
[WhiteElo "2251"]
[BlackElo "2297"]

1.e4 c5 2.Nf3 d6 3.d4 cxd4 4.Nxd4 Nf6 5.Nc3 Nc6 6.Bg5 e6 7.Qd2 Be7 8.O-O-O O-O
9.f3 a6 10.g4 Qc7 11.h4 Bd7 12.Be3 Nxd4 13.Bxd4 Be8 14.h5 e5 15.Be3 b5 16.g5
b4 17.Ne2 Nd7 18.Ng3 Nc5 19.Kb1 Na4 20.Nf5 Rd8 21.Ka1 a5 22.Bc4 Qxc4 23.Nxe7+
Kh8 24.g6 Qe6 25.h6 Qxe7 26.hxg7+ Kxg7 27.Rxh7+ Kg8 28.Qh2 Qf6 29.g7 {#r} 1-0

[Event "Memorial V.Syre (open)"]
[Site "masterchessopen.com Issy Les Moulineaux (France)"]
[Round "2"]
[White "Durand Gilbert (FRA)"]
[Black "Galmiche Jean-Maurice (FRA)"]
[Result "0-1"]
[WhiteElo "1676"]
[BlackElo "2057"]

1.e4 c5 2.Nf3 Nc6 3.d4 cxd4 4.Nxd4 Nf6 5.Nc3 d6 6.Bg5 e6 7.Qd2 Be7 8.f4 h6
9.Bh4 O-O 10.Be2 Bd7 11.Bf2 a6 12.Be3 Nxd4 13.Bxd4 Bc6 14.Bf3 e5 15.Be3 b5
16.a3 Qc7 17.O-O-O a5 18.Kb1 b4 19.axb4 axb4 20.Nd5 Bxd5 21.exd5 Qa5 22.c4
Qa2+ 23.Kc2 Qxc4+ 24.Kb1 Rfc8 {#R} 0-1

[Event "Ch Italy"]
[Site "masterchessopen.com Italy"]
[Round "3"]
[White "Fercec Nenad (CRO)"]
[Black "Milocco Franco (ITA)"]
[Result "1-0"]
[WhiteElo "2456"]
[BlackElo "2350"]

1.e4 c5 2.Nf3 d6 3.d4 cxd4 4.Nxd4 Nf6 5.Nc3 Nc6 6.Bg5 e6 7.Qd2 Be7 8.O-O-O
Nxd4 9.Qxd4 O-O 10.e5 dxe5 11.Qxe5 Qe8 12.h4 Bd7 13.Bd3 Bc6 14.Qe2 Qb8 15.Kb1
Qc7 16.Rh3 Rfd8 17.Rg3 Kh8 18.Re1 a6 19.a3 Rd4 20.f4 b5 21.Qe5 Qxe5 22.fxe5
Nh5 23.Ne2 Ra4 24.Bxe7 Nxg3 25.Nxg3 Rg4 26.Ne4 Rxg2 27.Rf1 Ra7 28.Rxf7 {#r}
1-0

[Event "It"]
[Site "masterchessopen.com Las Palmas (Spain)"]
[Round "0"]
[White "Ramos Victor (ESP)"]
[Black "Castellano Ojeda Jose (ESP)"]
[Result "1-0"]
[WhiteElo "2144"]
[BlackElo "2213"]

1.e4 c5 2.Nf3 Nc6 3.d4 cxd4 4.Nxd4 Nf6 5.Nc3 d6 6.Bg5 e6 7.Qd2 Be7 8.O-O-O O-O
9.Bxf6 Bxf6 10.Nxc6 bxc6 11.Qxd6 Qa5 12.Qg3 Bxc3 13.Qxc3 Qxa2 14.Bc4 Qa1+
15.Kd2 Rd8+ 16.Ke2 {#r} 1-0

[Event "Ch Nassau Chess Club"]
[Site "masterchessopen.com Long Island (USA)"]
[Round "0"]
[White "Josenhans Daniel (USA)"]
[Black "Kaplan Ivan (USA)"]
[Result "1-0"]
[WhiteElo "2267"]
[BlackElo "1738"]

1.e4 c5 2.Nf3 d6 3.d4 cxd4 4.Nxd4 Nf6 5.Nc3 Nc6 6.Bg5 e6 7.Qd2 Be7 8.O-O-O h6
9.Bxf6 gxf6 10.Ndb5 a6 11.Nxd6+ Kf8 12.Be2 Qa5 13.h4 Kg7 14.Rh3 Rd8 15.Rd3 b5
16.Nxf7 Kxf7 17.Qxh6 Rxd3 18.Bh5+ Kg8 19.Bg6 Rxd1+ 20.Nxd1 Ne5 21.Qh7+ {#r}
1-0

[Event "Ch Malaga"]
[Site "masterchessopen.com Malaga (Spain)"]
[Round "8"]
[White "Pariente Lopez Francisco (ESP)"]
[Black "Garcia Albarracin Jose A (ESP)"]
[Result "1-0"]
[WhiteElo "2279"]
[BlackElo "1983"]

1.e4 c5 2.Nf3 Nc6 3.d4 cxd4 4.Nxd4 Nf6 5.Nc3 d6 6.Bg5 e6 7.Qd2 Be7 8.O-O-O O-O
9.Nb3 a6 10.f4 b5 11.Bxf6 gxf6 12.Ne2 Bb7 13.Ng3 Qc7 14.f5 Kh8 15.Bd3 Ne5
16.Kb1 Rg8 17.Rhf1 Qb6 18.Rf4 Rg4 19.Rdf1 Rag8 20.Be2 Rxf4 21.Qxf4 a5 22.Qf2
Qxf2 23.Rxf2 a4 24.Nd4 b4 25.fxe6 fxe6 26.Nxe6 Bc8 27.Nc7 Bd8 28.Nd5 Ng4
29.Bxg4 Rxg4 30.Nxf6 Bxf6 31.Rxf6 Bb7 32.Rxd6 Bxe4 33.Nh5 Kg8 {#r} 1-0

[Event "Memorial J.Capablanca (d)"]
[Site "masterchessopen.com Matanzas (Cuba)"]
[Round "13"]
[White "Herrera Irisberto (ESP)"]
[Black "Otero Evelio (CUB)"]
[Result "0-1"]
[WhiteElo "2355"]
[BlackElo "2365"]

1.e4 c5 2.Nf3 Nc6 3.d4 cxd4 4.Nxd4 Nf6 5.Nc3 d6 6.Bg5 e6 7.Qd2 h6 8.Bxf6 gxf6
9.O-O-O a6 10.f4 Bd7 11.Bc4 Qb6 12.f5 Qxd4 13.Qxd4 Nxd4 14.Rxd4 Rc8 15.Bb3 Rg8
16.g3 Rg4 17.fxe6 fxe6 18.Rf1 Be7 19.Rf3 Rc5 20.h3 Rg6 21.h4 b5 22.a3 Rg4
23.Rd1 Re5 24.Rdd3 a5 25.Rf4 Rxf4 26.gxf4 Rh5 27.Rh3 f5 28.exf5 Rxf5 29.Ne2 e5
30.Kd2 Rh5 {#R} 0-1

[Event "It (open) (b)"]
[Site "masterchessopen.com Neuwied (Germany)"]
[Round "0"]
[White "Teske Oliver (GER)"]
[Black "Czap Bernhard (GER)"]
[Result "0-1"]
[WhiteElo "2130"]
[BlackElo "2208"]

1.e4 c5 2.Nf3 Nc6 3.d4 cxd4 4.Nxd4 Nf6 5.Nc3 d6 6.Bg5 e6 7.Qd2 Be7 8.O-O-O O-O
9.f3 Nxd4 10.Qxd4 Qa5 11.h4 e5 12.Qd2 Be6 13.Bxf6 Bxf6 14.Nd5 Qxa2 15.Nxf6+
gxf6 16.Qh6 Qa1+ 17.Kd2 Qa5+ 18.Kc1 Rfc8 19.Bd3 Qa1+ 20.Kd2 Qxb2 21.Qxf6 Rc3
22.Rb1 Rxd3+ 23.Kxd3 Qd4+ 24.Ke2 Bc4+ 25.Ke1 Qe3+ 26.Kd1 Be2+ 27.Ke1 Bxf3+
28.Kf1 Qe2+ {#R} 0-1

[Event "It (swiss)"]
[Site "masterchessopen.com Rostov on Don (Russia)"]
[Round "5"]
[White "Petrushin Alexander I (RUS)"]
[Black "Aseev Konstantin N (RUS)"]
[Result "1-0"]
[WhiteElo "2434"]
[BlackElo "2511"]

1.e4 c5 2.Nf3 d6 3.d4 cxd4 4.Nxd4 Nf6 5.Nc3 Nc6 6.Bg5 e6 7.Qd2 Be7 8.O-O-O O-O
9.Nb3 a6 10.Bxf6 gxf6 11.f4 Kh8 12.f5 b5 13.Ne2 Re8 14.Nf4 Bf8 15.fxe6 fxe6
16.Nh5 Ra7 17.Be2 Ne5 18.Rhf1 Rf7 19.Kb1 Qe7 20.Rf2 Bb7 21.Qe3 Rc8 22.Rdf1 Nc4
23.Bxc4 Rxc4 24.Nd2 Rc8 25.Nxf6 Qc7 26.c3 Qc5 27.Qh3 Qe5 28.Ng4 Bxe4+ 29.Kc1
Rxf2 30.Nxe5 {#r} 1-0

[Event "Ch Chile"]
[Site "masterchessopen.com Santiago (Chile)"]
[Round "8"]
[White "Egger Jorge (CHI)"]
[Black "Godoy David A (CHI)"]
[Result "1-0"]
[WhiteElo "2439"]
[BlackElo "2339"]

1.e4 c5 2.Nf3 d6 3.d4 cxd4 4.Nxd4 Nf6 5.Nc3 Nc6 6.Bg5 e6 7.Qd2 Be7 8.O-O-O O-O
9.Nb3 Qb6 10.f3 Rd8 11.Kb1 a6 12.Be3 Qc7 13.Qf2 Nd7 14.h4 b5 15.h5 Rb8 16.Qg3
Bf8 17.Bg5 Re8 18.Bd3 b4 19.Ne2 a5 20.f4 e5 21.f5 f6 22.Bc4+ Kh8 23.h6 Re7
24.Be3 Nb6 25.hxg7+ {#r} 1-0

[Event "It"]
[Site "masterchessopen.com Sochi (Russia)"]
[Round "0"]
[White "Petrushin Alexander I (RUS)"]
[Black "Brodsky Michail (UKR)"]
[Result "0-1"]
[WhiteElo "2434"]
[BlackElo "2520"]

1.e4 c5 2.Nf3 d6 3.d4 cxd4 4.Nxd4 Nf6 5.Nc3 Nc6 6.Bg5 e6 7.Qd2 Be7 8.O-O-O O-O
9.Nb3 Qb6 10.f3 Rd8 11.Be3 Qc7 12.Qf2 d5 13.exd5 Nxd5 14.Nxd5 Rxd5 15.Rxd5
exd5 16.g3 Bf5 17.Bf4 Qd8 18.Bb5 Nb4 19.c3 Bd3 20.cxb4 Rc8+ 21.Kd1 Bxb5 22.Re1
Bxb4 23.Bd2 Bxd2 24.Kxd2 Qf6 25.Nd4 Rc4 26.Nxb5 Qxb2+ 27.Kd3 Qxb5 {#R} 0-1

[Event "Ch Catalunia (team)"]
[Site "masterchessopen.com Catalunia (Spain)"]
[Round "0"]
[White "Glimbrant Torbjorn (SWE)"]
[Black "Martin Allende Jorge (ESP)"]
[Result "1-0"]
[WhiteElo "2250"]
[BlackElo "2117"]

1.e4 c5 2.Nf3 Nc6 3.d4 cxd4 4.Nxd4 Nf6 5.Nc3 d6 6.Bg5 e6 7.Qd2 Be7 8.O-O-O O-O
9.Nb3 d5 10.Bxf6 Bxf6 11.exd5 Bxc3 12.Qxc3 exd5 13.Qc5 Qf6 14.Bb5 a6 15.Bxc6
bxc6 16.Kb1 Rb8 17.Rd3 Rb5 18.Qc3 Qxf2 19.Rg3 g6 20.Nd4 Bf5 21.Rc1 c5 22.Nxb5
axb5 23.Qb3 Re8 24.a3 Re2 25.Rc3 c4 26.Qxb5 d4 {#r} 1-0